<?xml version="1.0" encoding="UTF-8"?>
<marc:record xmlns:marc="http://www.loc.gov/MARC21/slim">
   <marc:leader>00000nam a2200000 a 4500</marc:leader>
   <marc:datafield ind1="1" ind2=" " tag="100">
      <marc:subfield code="a">Chabon, Michael</marc:subfield>
      <marc:subfield code="4">aut</marc:subfield>
      <marc:subfield code="e">Verfasser/-in</marc:subfield>
   </marc:datafield>
   <marc:datafield ind1=" " ind2=" " tag="653">
      <marc:subfield code="a">Englisch</marc:subfield>
   </marc:datafield>
   <marc:datafield ind1="0" ind2="0" tag="245">
      <marc:subfield code="a">Telegraph Avenue</marc:subfield>
   </marc:datafield>
   <marc:datafield ind1="0" ind2="0" tag="245">
      <marc:subfield code="b">a Novel</marc:subfield>
   </marc:datafield>
   <marc:datafield ind1="0" ind2="0" tag="245">
      <marc:subfield code="c">Michael Chabon</marc:subfield>
   </marc:datafield>
   <marc:datafield ind1=" " ind2="1" tag="264">
      <marc:subfield code="a">New York</marc:subfield>
      <marc:subfield code="b">Harper Collins Children's Books</marc:subfield>
      <marc:subfield code="c">2012</marc:subfield>
   </marc:datafield>
   <marc:datafield ind1="1" ind2=" " tag="520">
      <marc:subfield code="a">As the summer of 2004 draws to a close, Archy Stallings and Nat Jaffe are still hanging in there, longtime friends, band mates and co-regents of Brokeland Records, a kingdom of used vinyl located in the sketchy yet freewheeling borderlands of Berkeley and Oakland, on the quintessential East Bay avenue that gives the book its title. Their wives, Gwen Shanks and Aviva Roth-Jaffe, are the Berkeley Birth Partners, a pair of semi-legendary nurse midwives who have welcomed, between them, more than a thousand new-minted little citizens into the dented utopia at whose heart, half tavern, half temple, stands Brokeland Records. Archy and Gwen are expecting their first baby; Nat and Aviva have a teenaged son, Julius. Cranky, flawed, and loving each other with all the fierceness we've come to expect of Chabon characters, they have worked to construct lives and livelihoods that have a groove, looking to connect across barriers of race and class, and clinging to a sense of order and security through their stubbornly old-school ways.</marc:subfield>
   </marc:datafield>
   <marc:datafield ind1=" " ind2=" " tag="020">
      <marc:subfield code="a">9780062265210</marc:subfield>
      <marc:subfield code="9">9780062265210</marc:subfield>
   </marc:datafield>
   <marc:datafield ind1=" " ind2=" " tag="020">
      <marc:subfield code="a">0062265210</marc:subfield>
      <marc:subfield code="9">0062265210</marc:subfield>
   </marc:datafield>
   <marc:datafield ind1=" " ind2=" " tag="300">
      <marc:subfield code="a">465 S.</marc:subfield>
   </marc:datafield>
</marc:record>
